Central Library OPAC University of Rajshahi

مشرقی پاکستان کے اردو ادیب masharqi pakistan ke ardo adib / (Record no. 85603)

MARC details
000 -LEADER
fixed length control field 00600nam a22001937a 4500
001 - CONTROL NUMBER
control field 85603
003 - CONTROL NUMBER IDENTIFIER
rucl marc code BD-RjUL
005 - DATE AND TIME OF LATEST TRANSACTION
control field 20250901103104.0
008 - FIXED-LENGTH DATA ELEMENTS--GENERAL INFORMATION
fixed length control field 250901s1955 II ||||| |||| 00| 0 URD d
035 ## - SYSTEM CONTROL NUMBER
System control number (BD-RjUL)85603
040 ## - CATALOGING SOURCE
Original cataloging agency BD-RjUL
Language of cataloging eng
Transcribing agency BD-RjUL
041 ## - LANGUAGE CODE
Language code of text/sound track or separate title urd
082 ## - DEWEY DECIMAL CLASSIFICATION NUMBER
Edition number 23
Classification number 891.4390925491
Author mark and year ADA 1955
245 ## - TITLE STATEMENT
Title مشرقی پاکستان کے اردو ادیب masharqi pakistan ke ardo adib /
Statement of responsibility, etc. ادرء مطبوعات
260 ## - PUBLICATION, DISTRIBUTION, ETC. (IMPRINT)
Place of publication, distribution, etc. Karachi :
Name of publisher, distributor, etc. ادرء مطبوعات ,
Date of publication, distribution, etc. 1955
300 ## - PHYSICAL DESCRIPTION
Pagination 79 p. ;
Size 16 cm
650 ## - SUBJECT ADDED ENTRY--TOPICAL TERM
Topical term or geographic name as entry element Urdu writers
Geographic subdivision East Pakistan
9 (RLIN) 16715
942 ## - ADDED ENTRY ELEMENTS (KOHA)
Source of classification or shelving scheme Dewey Decimal Classification
Koha item type Books
Holdings
Lost status Source of classification or shelving scheme Damaged status Not for loan Collection code Permanent Location Current Location Shelving location Date acquired Total Checkouts Full call number Date last seen Copy number Koha item type
  Dewey Decimal Classification   Not For Loan Non-fiction Central Library, University of Rajshahi Central Library, University of Rajshahi Reading Room 01/09/2025   U 891.4390925491 ADA 1955 01/09/2025 C-1 Books